[Event "Dortmund Sparkassen op-B"]
[Site "Dortmund"]
[Date "2006.07.28"]
[Round "1"]
[White "Luegger, Meinolf"]
[Black "Czygan, Sirin"]
[Result "1-0"]
[WhiteElo "1636"]
[BlackElo "1391"]
[PlyCount "72"]
[EventDate "2006.07.28"]
[EventType "swiss"]
[EventRounds "9"]
[EventCountry "GER"]
[SourceTitle "CBM 113 Extra"]
[Source "ChessBase"]
[SourceDate "2006.09.14"]
[SourceVersion "1"]
[SourceVersionDate "2006.09.14"]
[SourceQuality "1"]

1. d4 Nf6 2. Nf3 g6 3. Bg5 Bg7 4. c4 d6 5. Nc3 c5 6. e3 0-0 7. Be2 Na6 8. 0-0 Bd7 9. Ne1 cxd4 10. exd4 Nc7 11. b4 a5 12. b5 b6 13. Nc2 Rc8 14. Ne3 Ne6 15. Bxf6 Bxf6 16. Nc2 Re8 17. Qd2 Qc7 18. Nd5 Qd8 19. Nxf6+ exf6 20. Bd3 Kg7 21. Rfe1 Qc7 22. a4 g5 23. g3 Qb7 24. Bf1 Qc7 25. Ne3 Qd8 26. Nf5+ Kg6 27. Nxd6 Nxd4 28. Qxd4 Rxe1 29. Rxe1 Be6 30. Rd1 Rb8 31. Qd3+ f5 32. g4 Qf6 33. gxf5+ Bxf5 34. Nxf5 Qxf5 35. Qd6+ Qf6 36. Qxb8 Qf5 1-0

[Event "Moehnesee Cup-B"]
[Site "Moehnesee"]
[Date "2005.08.20"]
[Round "5"]
[White "Strate, Gerda"]
[Black "Luegger, Meinolf"]
[Result "1/2-1/2"]
[WhiteElo "1695"]
[BlackElo "1592"]
[PlyCount "104"]
[EventDate "2005.08.18"]
[EventType "swiss"]
[EventRounds "7"]
[EventCountry "GER"]
[SourceTitle "CBM 108 Extra"]
[Source "ChessBase"]
[SourceDate "2005.11.04"]
[SourceVersion "1"]
[SourceVersionDate "2005.11.04"]
[SourceQuality "1"]

1. e4 c6 2. d4 d5 3. e5 Bf5 4. Nf3 e6 5. Nbd2 c5 6. Bb5+ Nc6 7. dxc5 Nge7 8. b4 Rc8 9. Nb3 a6 10. Bxc6+ Nxc6 11. a3 Be7 12. Be3 Bg4 13. Bf4 Bg5 14. Bg3 0-0 15. Nbd4 Bh5 16. Nxc6 Rxc6 17. Qd4 Bxf3 18. gxf3 f6 19. h4 fxe5 20. Bxe5 Bf6 21. Rg1 Bxe5 22. Qxe5 Qf6 23. Qxf6 Rxf6 24. Rg3 Rf4 25. h5 Rh4 26. Kd2 Rxh5 27. Rag1 g6 28. Rg5 Rxg5 29. Rxg5 Kg7 30. Ke3 Kf6 31. Rg4 h5 32. Rd4 Rc8 33. c4 dxc4 34. Rxc4 g5 35. Rc1 h4 36. Rh1 a5 37. f4 gxf4+ 38. Kxf4 axb4 39. axb4 e5+ 40. Kg4 Rg8+ 41. Kh3 Kf5 42. Rb1 Rg4 43. Rb3 Rc4 44. Rb1 Rc3+ 45. Kxh4 Rc4+ 46. Kg3 Rc3+ 47. Kg2 e4 48. Kf1 Kf4 49. Kg2 Rc2 50. Rb3 Rc4 51. Kf1 Rc2 52. Kg2 Rc4 1/2-1/2

[Event "Moehnesee Cup-B"]
[Site "Moehnesee"]
[Date "2005.08.18"]
[Round "1"]
[White "Schroeer, Jan Erik"]
[Black "Luegger, Meinolf"]
[Result "0-1"]
[WhiteElo "1035"]
[BlackElo "1592"]
[PlyCount "40"]
[EventDate "2005.08.18"]
[EventType "swiss"]
[EventRounds "7"]
[EventCountry "GER"]
[SourceTitle "CBM 108 Extra"]
[Source "ChessBase"]
[SourceDate "2005.11.04"]
[SourceVersion "1"]
[SourceVersionDate "2005.11.04"]
[SourceQuality "1"]

1. d4 d5 2. Nf3 Nf6 3. Nc3 Bf5 4. Bg5 e6 5. e3 Nbd7 6. Bd3 Bxd3 7. Qxd3 c6 8. Ne5 Qb6 9. Na4 Qb4+ 10. Qc3 Qxa4 11. 0-0 Ne4 12. Qd3 Nxg5 13. b3 Qb5 14. Qd2 Ne4 15. Qd1 Bb4 16. Rc1 Qb6 17. Qd3 Ndc5 18. Qe2 Nd7 19. Qg4 0-0 20. Qf4 Bc3 0-1

[Event "Dortmund op-B"]
[Site "Dortmund"]
[Date "2005.07.16"]
[Round "8"]
[White "Luegger, Meinolf"]
[Black "Kolakovic, Klaudio"]
[Result "0-1"]
[WhiteElo "1621"]
[BlackElo "1827"]
[PlyCount "22"]
[EventDate "2005.07.08"]
[EventType "swiss"]
[EventRounds "9"]
[EventCountry "GER"]
[SourceTitle "CBM 107 Extra"]
[Source "ChessBase"]
[SourceDate "2005.09.01"]
[SourceVersion "1"]
[SourceVersionDate "2005.09.01"]
[SourceQuality "1"]

1. d4 c5 2. e3 d5 3. Nf3 Nc6 4. b3 Bf5 5. c3 e6 6. Bd3 Bg6 7. 0-0 Nf6 8. Qe2 Bd6 9. Ba3 Qe7 10. Nbd2 c4 11. Bxd6 cxd3 0-1

[Event "Dortmund op-B"]
[Site "Dortmund"]
[Date "2005.07.14"]
[Round "6"]
[White "Quass, Michael"]
[Black "Luegger, Meinolf"]
[Result "0-1"]
[WhiteElo "1740"]
[BlackElo "1621"]
[PlyCount "99"]
[EventDate "2005.07.08"]
[EventType "swiss"]
[EventRounds "9"]
[EventCountry "GER"]
[SourceTitle "CBM 107 Extra"]
[Source "ChessBase"]
[SourceDate "2005.09.01"]
[SourceVersion "1"]
[SourceVersionDate "2005.09.01"]
[SourceQuality "1"]

1. c4 Nf6 2. Nc3 e6 3. g3 Be7 4. Bg2 0-0 5. e4 d6 6. Nge2 c5 7. d3 a6 8. 0-0 Qc7 9. h3 Bd7 10. Be3 Bc6 11. Kh2 Nbd7 12. f4 Rab8 13. b3 b5 14. g4 b4 15. Nb1 Rfd8 16. Ng3 Ne8 17. g5 Qb7 18. Qe2 a5 19. Nd2 Nb6 20. Nf3 a4 21. f5 exf5 22. Nxf5 Bf8 23. h4 axb3 24. axb3 Ra8 25. h5 Nd7 26. Bh3 Ne5 27. Bf4 Nxf3+ 28. Qxf3 Ra3 29. Rab1 Rda8 30. Rf2 Ra2 31. Rg2 Rxg2+ 32. Qxg2 Ra7 33. Ne3 Qa8 34. Rb2 Bd7 35. Nd5 Bxh3 36. Kxh3 Kh8 37. Be3 Qc8+ 38. Qg4 Qxg4+ 39. Kxg4 Nc7 40. Nxb4 Ne6 41. Nd5 Nd8 42. b4 Ra3 43. d4 cxd4 44. Bxd4 Nc6 45. Bc3 Ra4 46. Nb6 Ra3 47. Bd2 Ne5+ 48. Kh4 Nd3 49. Rb1 Nf2 50. g6 0-1

[Event "Dortmund op-B"]
[Site "Dortmund"]
[Date "2005.07.09"]
[Round "2"]
[White "Ziperstein, Jakob"]
[Black "Luegger, Meinolf"]
[Result "1-0"]
[WhiteElo "1832"]
[BlackElo "1621"]
[PlyCount "51"]
[EventDate "2005.07.08"]
[EventType "swiss"]
[EventRounds "9"]
[EventCountry "GER"]
[SourceTitle "CBM 107 Extra"]
[Source "ChessBase"]
[SourceDate "2005.09.01"]
[SourceVersion "1"]
[SourceVersionDate "2005.09.01"]
[SourceQuality "1"]

1. e4 c6 2. Nc3 d5 3. exd5 cxd5 4. Bb5+ Nc6 5. d4 e6 6. Nf3 a6 7. Bd3 Be7 8. 0-0 b5 9. Ne2 Nb4 10. Re1 Nxd3 11. Qxd3 Nf6 12. Ng3 Qc7 13. Ne5 Bb7 14. Bf4 Qb6 15. Re2 b4 16. Qe3 a5 17. Nf5 Rg8 18. Nxe7 Kxe7 19. Bg5 h6 20. Bh4 g5 21. Bg3 Ba6 22. Ree1 Rac8 23. Rac1 a4 24. Qf3 Rg7 25. Qxf6+ Kxf6 26. Nd7+ 1-0